书目信息 |
| 题名: |
数据结构
|
|
| 作者: | 朱战立 编著 | |
| 分册: | ||
| 出版信息: | 北京 清华大学出版社 2016.01 |
|
| 页数: | X, 295页 | |
| 开本: | 26cm | |
| 丛书名: | 21世纪高等学校规划教材 | |
| 单 册: | ||
| 中图分类: | TP311.12 , TP312 | |
| 科图分类: | ||
| 主题词: | 数据结构--shu ju jie gou--高等学校--教材 , C语言--Cyu yan--程序设计--高等学校--教材 | |
| 电子资源: | ||
| ISBN: | 978-7-302-42332-4 | |
| 000 | 01365oam2 2200313 450 | |
| 001 | 2030323882 | |
| 005 | 20201122091243.69 | |
| 010 | @a978-7-302-42332-4@dCNY39.50 | |
| 100 | @a20160314e20192016em y0chiy50 ea | |
| 101 | 0 | @achi |
| 102 | @aCN@b110000 | |
| 105 | @aak az 000yy | |
| 106 | @ar | |
| 200 | 1 | @a数据结构@9shu ju jie gou@eJAVA语言描述@f朱战立编著 |
| 205 | @a2版 | |
| 210 | @a北京@c清华大学出版社@d2016.01@h2019.04 | |
| 215 | @aX, 295页@c图@d26cm | |
| 225 | 2 | @a21世纪高等学校规划教材@921shi ji gao deng xue jiao gui hua jiao cai@i计算机科学与技术 |
| 320 | @a有书目 | |
| 330 | @a本书内容符合2009年公布的研究生新的入学统考大纲要求,内容主要包括线性表、堆栈、队列、串、数组、向量、集合、矩阵、树、二叉树、图、排序、查找、哈希表以及递归,对于每一种类型的数据结构,都详细阐述了基本概念、各种不同的存储结构和不同存储结构上一些主要操作的实现算法,并给出了许多设计实例帮助读者理解。面向对象方法是目前软件设计的主流方法,本书用面向对象思想组织全部材料,采用Java语言作为算法描述语言。 | |
| 461 | 0 | @12001 @a21世纪高等学校规划教材 |
| 462 | 0 | @12001 @a计算机科学与技术 |
| 606 | 0 | @a数据结构@9shu ju jie gou@x高等学校@j教材 |
| 606 | 0 | @aC语言@9Cyu yan@x程序设计@x高等学校@j教材 |
| 690 | @aTP311.12@v5 | |
| 690 | @aTP312@v5 | |
| 701 | 0 | @a朱战立@9zhu zhan li@4编著 |
| 801 | 0 | @aCN@bBJSZM@c20201120 |
| 905 | @b1242807-10@dTP311.12@e1641=2@f4 | |
| 数据结构:JAVA语言描述/朱战立编著.-2版.-北京:清华大学出版社,2016.01(2019.04) |
| X, 295页:图;26cm.-(21世纪高等学校规划教材.计算机科学与技术) |
| ISBN 978-7-302-42332-4:CNY39.50 |
| 本书内容符合2009年公布的研究生新的入学统考大纲要求,内容主要包括线性表、堆栈、队列、串、数组、向量、集合、矩阵、树、二叉树、图、排序、查找、哈希表以及递归,对于每一种类型的数据结构,都详细阐述了基本概念、各种不同的存储结构和不同存储结构上一些主要操作的实现算法,并给出了许多设计实例帮助读者理解。面向对象方法是目前软件设计的主流方法,本书用面向对象思想组织全部材料,采用Java语言作为算法描述语言。 |
| ● |
| 相关链接 |
|
|
|
|
正题名:数据结构
索取号:TP311.12/1641=2
 
预约/预借
| 序号 | 登录号 | 条形码 | 馆藏地/架位号 | 状态 | 备注 |
| 1 | 1242807 | 212428078 | 第二样本阅览室/ [索取号:TP311.12/1641=2] | 在馆 | |
| 2 | 1242808 | 212428087 | 第三借阅区/ [索取号:TP311.12/1641=2] | 在馆 | |
| 3 | 1242809 | 212428096 | 第三借阅区/ [索取号:TP311.12/1641=2] | 在馆 | |
| 4 | 1242810 | 212428103 | 第三借阅区/ [索取号:TP311.12/1641=2] | 在馆 |